000 00509nam a2200157 a 4500
001 2397
005 20140414132017.0
008 050601s19uu xx 00 eng d
020 _a971-27-0094-1
050 _aTR
_bC67 1991
245 _aColors :
_cFilipino translation by Rene Villanueva ; Illustrated by Ibarra Crisostmo.
_bmga paboritong kulay ni Kris /
260 _aPhilippines :
_bAnvil Publishing,
_c1991.
300 _a1 v. p. : ill. ; cm.
650 _aColors
_xJuvenile literature.
999 _c113395
_d113395